Prehistory of the Indo-Malaysian Archipelago (Record no. 351272)
[ view plain ]
| 000 -LEADER | |
|---|---|
| fixed length control field | 00520nam a2200133Ia 4500 |
| 008 - FIXED-LENGTH DATA ELEMENTS--GENERAL INFORMATION | |
| fixed length control field | 171212s9999 xx 000 0 und d |
| 020 ## - INTERNATIONAL STANDARD BOOK NUMBER | |
| International Standard Book Number | 9781921313110 |
| 100 ## - MAIN ENTRY--PERSONAL NAME | |
| Personal name | Bellwood, Peter |
| 245 ## - TITLE STATEMENT | |
| Statement of responsibility, etc | Bellwood, Peter |
| Title | Prehistory of the Indo-Malaysian Archipelago |
| Remainder of title | Revised Edition |
| 260 ## - PUBLICATION, DISTRIBUTION, ETC. (IMPRINT) | |
| Name of publisher, distributor, etc | ANU E Press |
| Date of publication, distribution, etc | 1997 |
| 650 ## - SUBJECT ADDED ENTRY--TOPICAL TERM | |
| Topical term or geographic name as entry element | Anthropology |
| 650 ## - SUBJECT ADDED ENTRY--TOPICAL TERM | |
| Topical term or geographic name as entry element | Prehistoric peoples -- Indonesia; Prehistoric peoples -- Malaysia; Indonesia -- Antiquities; Malaysia -- Antiquities |
| 856 ## - ELECTRONIC LOCATION AND ACCESS | |
| Uniform Resource Identifier | <a href="www.jstor.org/stable/10.2307/j.ctt24hf81">www.jstor.org/stable/10.2307/j.ctt24hf81</a> |
| Withdrawn status | Lost status | Damaged status | Home library | Current library | Date acquired | Total Checkouts | Full call number | Date last seen | Price effective from | Koha item type |
|---|---|---|---|---|---|---|---|---|---|---|
| College Library | College Library | 12/12/2017 | GN855.I6B45 1997 | 12/12/2017 | 12/12/2017 | Curriculum - Based eBooks |